| 000 | 00911nas a2200289 4500 | ||
|---|---|---|---|
| 001 | BR9705059 | ||
| 003 | BR-BrBNA | ||
| 005 | 20231205100608.0 | ||
| 007 | ta | ||
| 008 | 230509b bl.|||p| |||| 00| 00por d | ||
| 040 |
_aBR-BrBNA _bpor _cBiblioteca Nacional de Agricultura |
||
| 041 | _a(En) | ||
| 072 | _aH20 | ||
| 100 | 1 | _aTargon, M.L.P.N. | |
| 100 | 1 | _aNikolaeva, O. | |
| 100 | 1 | _aLee, R.F. | |
| 100 | 1 | _aManjunath, K.L. | |
| 100 | 1 | _aMuller, G.W. | |
| 100 | 1 | _aMachado, M.A. | |
| 245 | 1 | _aCoat protein gene of a Brazilian isolate of the citrus tristeza virus: cloning, expression in Escherichia coli and production of polyclonal antiserum | |
| 650 | _aTristeza Citrica | ||
| 650 | _aVirus | ||
| 650 | _aLaranja | ||
| 773 | 0 |
_tFitopatologia Brasileira (Brazil) _xISSN 0100-4158 _g(Mar 1997), v. 22(1) p. 99-102 _wBR9705059 |
|
| 909 |
_a202311 _bLúcia _c55 _dLúcia Elande |
||
| 942 |
_2AGRIS _n0 _cANA |
||
| 999 |
_c156899 _d156899 |
||